La República en Chile. Teoría y práctica del Constitucionalismo Republicano.

Сохранить в:
Библиографические подробности
Главный автор: Cristi Becker, Renato (autor)
Другие авторы: Ruiz-Tagle Vial, Pablo (autor)
Формат:
Язык:испанский
Опубликовано: Santiago, Chile: LOM Ediciones, 2006.
Редактирование:Primera edición.
Серии:Colección Ciencias Humanas.
Предметы:
Метки: Добавить метку
Нет меток, Требуется 1-ая метка записи!

MARC

LEADER 00000nam a2200000 a 4500
001 UCJ9666
003 CL-VaPUC
005 20250417115215.0
008 070330e20060000CL |||||||||||||||||spa|d
999 |c 325085  |d 325083 
020 |a 956-282-868-9 
040 |c Pontificia Universidad Católica de Valparaíso 
082 0 4 |a 320.983 CRI 2006   |2 21 
100 0 |a Cristi Becker, Renato  |e autor  |9 519659 
245 1 3 |a La República en Chile.  |b Teoría y práctica del Constitucionalismo Republicano. 
250 |a Primera edición.  
260 |a Santiago, Chile:  |b LOM Ediciones,  |c 2006.  
300 |a 433 páginas.  
490 0 |a Colección Ciencias Humanas.  
500 |a c.7 Donación Familia Prof. Alejandro Guzmán Brito.  
583 |a last modification  |c 20070330 00:00:00  |k Rodrigo Vera 
650 0 |a Historia política  |9 256974 
650 0 |a Historia de Chile  |9 265473 
650 0 |a Derecho constitucional   |9 222588 
650 0 |a Democracia  |9 255256 
650 0 |a Neoliberalismo  |9 330090 
650 0 |a Filosofía política  |z Chile  |9 295215 
700 |a Ruiz-Tagle Vial, Pablo  |e autor  |9 549252 
942 |c BK  |2 ddc  |n 0 
945 |d 20070330 00:00:00  |a cmena 
952 |0 0  |1 0  |4 0  |6 320_983000000000000_CRI_2006  |7 0  |8 A  |9 405655  |a BIBHIS  |b BIBHIS  |d 2019-11-22  |i 4326644  |l 1  |o 320.983 CRI 2006  |p 4326644  |r 2025-04-09  |s 2025-04-09  |w 2019-11-22  |y BK  |k HIS 
952 |0 0  |1 0  |4 0  |6 320_983000000000000_CRI_2006  |7 0  |8 A  |9 405656  |a BIBHIS  |b BIBHIS  |d 2019-11-22  |i 4346041  |o 320.983 CRI 2006  |p 4346041  |r 2025-01-20  |w 2019-11-22  |y BK  |k HIS 
952 |0 0  |1 0  |4 0  |6 320_983000000000000_CRI_2006  |7 0  |8 A  |9 405657  |a BIBHIS  |b BIBHIS  |d 2019-11-22  |i 4356284  |o 320.983 CRI 2006  |p 4356284  |r 2025-01-20  |w 2019-11-22  |y BK  |k HIS 
952 |0 0  |1 0  |4 0  |6 320_983000000000000_CRI_2006  |7 0  |8 A  |9 405658  |a BIBHIS  |b BIBHIS  |d 2019-11-22  |i 4545680  |o 320.983 CRI 2006  |p 4545680  |r 2025-01-20  |w 2019-11-22  |y BK  |k HIS 
952 |0 0  |1 0  |4 0  |6 320_983000000000000_CRI_2006  |7 0  |8 A  |9 405659  |a BIBHIS  |b BIBHIS  |d 2019-11-22  |i 4568400  |o 320.983 CRI 2006  |p 4568400  |r 2025-01-20  |w 2019-11-22  |y BK  |k HIS 
952 |0 0  |1 0  |4 0  |6 320_983000000000000_CRI_2006  |7 0  |8 A  |9 405660  |a BIBHIS  |b BIBHIS  |d 2019-11-22  |i 4780736  |o 320.983 CRI 2006  |p 4780736  |r 2025-01-20  |w 2019-11-22  |y BK  |k HIS 
952 |0 0  |1 0  |2 ddc  |4 0  |6 320_983000000000000_CRI_2006  |7 1  |8 C_AGB  |9 580088  |a BIBDER  |b BIBDER  |d 2022-01-04  |e Donación   |i 5634679  |o 320.983 CRI 2006  |p 5634679  |r 2023-01-25  |t 7  |w 2022-01-04  |y BK_US  |k AGB